| 000 | 00567nam a2200169Ia 4500 | ||
|---|---|---|---|
| 008 | 260520s2024 xx 000 0 und d | ||
| 020 | _a978-81-19717-10-1 | ||
| 041 | _amar | ||
| 082 | _a954.7902/PAW | ||
| 100 | _aपवार, जयसिंगराव | ||
| 245 |
_aमराठा स्वराज्याचा उदय आणि विकास (B.A.I, S-I) _b(NEP-2.0) |
||
| 250 | _a1st ed | ||
| 260 |
_aकोल्हापूर _bफाडके प्रकाशन _c2024 |
||
| 300 | _a236p. | ||
| 500 | _aCat No: 14911 | ||
| 650 | _aHISTORY | ||
| 999 |
_c1221717 _d1221717 |
||